000 00382nam a2200157Ia 4500
008 240729s9999 xx 000 0 und d
022 _a1745-6215
245 0 _aTrials
260 _aUnited Kingdom
260 _bBMC
650 _a Medicine (General)
650 _aMedicine
856 _uhttps://doaj.org/toc/cf9a00efa2ef406d9527f742fdad41a0
942 _2ddc
942 _cDOAJEJ
999 _c74102
_d74102
945 _a1
_bMadushi Gamage
_c1
_dMadushi Gamage